| 000 | 00468cam a22001457a 4500 | ||
|---|---|---|---|
| 008 | 180718b1966 xxu||||| |||| 00| 0 eng d | ||
| 082 | _aK1203x54 D65 | ||
| 100 | _aDoabia, H.S. | ||
| 245 |
_aThe law of services and dismissals _cby H.S. Doabia and T.S. Doabia |
||
| 260 |
_aAgra _bWadhwa _c1966 |
||
| 300 | _a465p. | ||
| 650 | _aPersonnel - Dismissal - India - Rules and Regulations | ||
| 650 | _aCivil Service - India - Rules and Regulations | ||
| 700 | _aDoabia, T.S. | ||
| 999 |
_c364131 _d364131 |
||